000 00355nam a2200145Ia 4500
008 221030s9999 xx 000 0 und d
020 _a1259060977
041 _aEnglish
100 _aM. McGrath
245 0 _aBuilding Android Apps in Easy Steps
_cby M. McGrath
260 _bTMH
_aNew Delhi
_c2012
300 _a192
650 _aComputers
942 _cBK
999 _c16946
_d16946